002830000a220007300045001000020000002450106000203000036001267730047001621 aLieu, Judith M.10aThe attraction of women' in/to early judaism and christianity : Gender and the politics of conversion aNúm 72 (1998), Páginas 5-220 tJournal for the Study of the New Testament